000
00300nam a22001337a 4500
008
171023b xxu||||| |||| 00| 0 eng d
020
_a
9780875848839
041
_a
eng
080
_a
358
100
_a
54
101
_a
LED
245
_a
HARVWARD BUSSINESS LEADERSHIP
_c
HARVERD.O
942
_2
udc
_c
BK
999
_c
35381
_d
35381